Конструкторское и технологическое сопровождение изделий на ранних стадиях проектирования; Автоматизация и современные технологии; № 4

書誌詳細
Parent link:Автоматизация и современные технологии: межотраслевой научно-технический журнал.— , 1992-.— 0869-4931
№ 4.— 2002.— С. 18-23
第一著者: Напалков Э. С.
言語:ロシア語
出版事項: 2002
シリーズ:Современные технологии
主題:
フォーマット: MixedMaterials 図書の章
KOHA link:https://koha.lib.tpu.ru/cgi-bin/koha/opac-detail.pl?biblionumber=382088

MARC

LEADER 00000naa2a2200000 4500
001 382088
005 20231101062916.0
035 |a (RuTPU)RU\TPU\prd\5432 
090 |a 382088 
100 |a 20020815a2002 k y0rusy50 ca 
101 0 |a rus 
102 |a RU 
200 1 |a Конструкторское и технологическое сопровождение изделий на ранних стадиях проектирования  |f Э. С. Напалков 
225 1 |a Современные технологии 
320 |a Библиогр.: 3 назв. 
461 1 |0 (RuTPU)RU\TPU\prd\1282  |x 0869-4931  |t Автоматизация и современные технологии  |o межотраслевой научно-технический журнал  |d 1992- 
463 1 |0 (RuTPU)RU\TPU\prd\3677  |t № 4  |v С. 18-23  |d 2002 
610 1 |a изделия 
610 1 |a проектирование 
610 1 |a автоматизация 
610 1 |a конструкторское сопровождение 
610 1 |a технологическое сопровождение 
675 |a 658.512.011.56  |v 3 
700 1 |a Напалков  |b Э. С. 
801 1 |a RU  |b 63413507  |c 20020815  |g PSBO 
801 2 |a RU  |b 63413507  |c 20120220  |g PSBO 
942 |c BK